| 000 | 01102nam a22002895a 4500 | ||
|---|---|---|---|
| 001 | hznh5vz0f2p70rvd | ||
| 003 | LIBRIS | ||
| 005 | 20251024122309.0 | ||
| 007 | cr ||| ||||| | ||
| 008 | 221101uuuuuuuuuxx |||||o|||||000 0|und|d | ||
| 020 | _a9781137375438 | ||
| 020 | _z9781137375421 (Print) | ||
| 035 | _a(EBZ)ebs15371374e | ||
| 035 | _a(EBZ)ebs15371374e | ||
| 040 |
_aSEK _ea _c |
||
| 041 | _aund | ||
| 100 | 0 | _aMargaret Hodgins | |
| 245 | 1 | 0 | _aPromoting Health and Well-being in the Workplace |
| 264 | 1 | _cuuuu-uuuu | |
| 776 | 0 | 8 |
_iPrint _tPromoting Health and Well-being in the Workplace _z978-1-137-37542-1 |
| 856 | 4 | 0 |
_uhttps://proxybib.miun.se/login?url=https://ebookcentral.proquest.com/lib/[[SiteID]]/detail.action?docID=6234266 _zOnline access for MIU _zProQuest Ebook Central _zfulltext |
| 887 |
_a{"@id":"hznh5vz0f2p70rvd","modified":"2022-11-01T09:03:05.959+01:00"} _2librisxl |
||
| 887 |
_a{"@id":"6sdkpzc04rnwxrz3","modified":"2025-10-23T09:56:14.723+02:00"} _2librisxl |
||
| 942 |
_2z _cBOOK |
||
| 999 |
_c59786 _d59786 |
||